<?xml version="1.0" encoding="UTF-8"?>
<record
    xmlns:xsi="http://www.w3.org/2001/XMLSchema-instance"
    xsi:schemaLocation="http://www.loc.gov/MARC21/slim http://www.loc.gov/standards/marcxml/schema/MARC21slim.xsd"
    xmlns="http://www.loc.gov/MARC21/slim">

  <leader>03136njm a2200493Ia 4500</leader>
  <controlfield tag="001">40460</controlfield>
  <controlfield tag="003">IT-RoPAU</controlfield>
  <controlfield tag="005">20220918181128.0</controlfield>
  <controlfield tag="008">131025s9999    xx            000 0 und d</controlfield>
  <datafield tag="040" ind1=" " ind2=" ">
    <subfield code="a">IT-RoPAU</subfield>
  </datafield>
  <datafield tag="040" ind1=" " ind2=" ">
    <subfield code="c">IT-RoPAU</subfield>
  </datafield>
  <datafield tag="999" ind1=" " ind2=" ">
    <subfield code="c">100344</subfield>
    <subfield code="d">100344</subfield>
  </datafield>
  <datafield tag="999" ind1=" " ind2=" ">
    <subfield code="b">n.d.</subfield>
  </datafield>
  <datafield tag="100" ind1=" " ind2=" ">
    <subfield code="a">AA.VV.</subfield>
    <subfield code="9">794</subfield>
  </datafield>
  <datafield tag="100" ind1=" " ind2=" ">
    <subfield code="e">Autore musica</subfield>
    <subfield code="9">21598</subfield>
  </datafield>
  <datafield tag="100" ind1=" " ind2=" ">
    <subfield code="g">Codice autore musica SPICS: 12000</subfield>
    <subfield code="9">796</subfield>
  </datafield>
  <datafield tag="245" ind1=" " ind2=" ">
    <subfield code="a">Jazz. Gli uomini, gli strumenti, gli stili 54</subfield>
  </datafield>
  <datafield tag="250" ind1=" " ind2=" ">
    <subfield code="a">1a ed.</subfield>
  </datafield>
  <datafield tag="260" ind1=" " ind2=" ">
    <subfield code="a">MILANO</subfield>
  </datafield>
  <datafield tag="260" ind1=" " ind2=" ">
    <subfield code="b">FRATELLI FABBRI EDITORI</subfield>
    <subfield code="c">1987 [1a Ed.:1987]</subfield>
  </datafield>
  <datafield tag="300" ind1=" " ind2=" ">
    <subfield code="a">MUSICASSETTA</subfield>
  </datafield>
  <datafield tag="300" ind1=" " ind2=" ">
    <subfield code="c">46 minuti (Testo:  pag.)</subfield>
  </datafield>
  <datafield tag="500" ind1=" " ind2=" ">
    <subfield code="a">Musica jazz</subfield>
  </datafield>
  <datafield tag="505" ind1=" " ind2=" ">
    <subfield code="a">A. Handful of Stars [(Los Angeles, 4.3.1956) (6:00)] - The Goof and I (5:00) - Thanks For the Memory (4:00) - All the Things You Are (6:00) - Stairway To the Stars (5:00) - I've Got the World On A String (7:00) - Susie's Blues (6:00) - Kean and Peacy [(Hollywood, 22.12.1947) (3:00)]</subfield>
  </datafield>
  <datafield tag="511" ind1=" " ind2=" ">
    <subfield code="a">Chaloff Serge: bar; Clark Sonny: p; Vinnegar Leroy: cb; Jones Philly Joe: batt; Serge Chaloff Quartet</subfield>
  </datafield>
  <datafield tag="511" ind1=" " ind2=" ">
    <subfield code="a">Fichelson Stan: tr; Glow Bernie: tr; Markowitz Irv: tr; Rogers Shorty: tr; Royal Ernie: tr; Swift Bob: tbne; Swope Earl: tbne; Wilson Ollie: tbne; Herman Woody: cl, alto; Marowitz Sam: alto; Getz Stan: ten; Sims Zoot: ten; Chaloff Serge: bar; Otis Fred: p; Burns Ralph: p; Sargent Gene: chit; Yoder Walt: cb; Lamond Don: batt; Woody Herman and His Orchestra</subfield>
  </datafield>
  <datafield tag="650" ind1=" " ind2=" ">
    <subfield code="a">JAZZ [CASSETTE]</subfield>
    <subfield code="e">Codice MATERIA SPICS: 9951</subfield>
    <subfield code="9">1831</subfield>
  </datafield>
  <datafield tag="700" ind1=" " ind2=" ">
    <subfield code="a">Chaloff Serge</subfield>
    <subfield code="d">Codice interprete SPICS: 18839</subfield>
    <subfield code="e">Interprete</subfield>
    <subfield code="9">21599</subfield>
  </datafield>
  <datafield tag="700" ind1=" " ind2=" ">
    <subfield code="a">Lawrence</subfield>
    <subfield code="d">Codice autore musica SPICS: 20267</subfield>
    <subfield code="e">Autore musica</subfield>
    <subfield code="p">A. Handful of Stars</subfield>
    <subfield code="9">21600</subfield>
  </datafield>
  <datafield tag="700" ind1=" " ind2=" ">
    <subfield code="a">Shapiro S.</subfield>
    <subfield code="d">Codice autore SPICS: 20268</subfield>
    <subfield code="e">Autore</subfield>
    <subfield code="p">A. Handful of Stars</subfield>
    <subfield code="9">21601</subfield>
  </datafield>
  <datafield tag="700" ind1=" " ind2=" ">
    <subfield code="a">Cohn Al</subfield>
    <subfield code="d">Codice autore musica SPICS: 10711</subfield>
    <subfield code="e">Autore musica</subfield>
    <subfield code="p">The Goof and I</subfield>
    <subfield code="9">21602</subfield>
  </datafield>
  <datafield tag="700" ind1=" " ind2=" ">
    <subfield code="a">Robin Leo</subfield>
    <subfield code="d">Codice autore musica SPICS: 20175</subfield>
    <subfield code="e">Autore musica</subfield>
    <subfield code="p">Thanks For the Memory</subfield>
    <subfield code="9">21603</subfield>
  </datafield>
  <datafield tag="700" ind1=" " ind2=" ">
    <subfield code="a">Rainger Ralph</subfield>
    <subfield code="d">Codice autore SPICS: 20269</subfield>
    <subfield code="e">Autore</subfield>
    <subfield code="p">Thanks For the Memory</subfield>
    <subfield code="9">21604</subfield>
  </datafield>
  <datafield tag="700" ind1=" " ind2=" ">
    <subfield code="a">Kern Jerome</subfield>
    <subfield code="d">Codice autore musica SPICS: 10779</subfield>
    <subfield code="e">Autore musica</subfield>
    <subfield code="p">All the Things You Are</subfield>
    <subfield code="9">21605</subfield>
  </datafield>
  <datafield tag="700" ind1=" " ind2=" ">
    <subfield code="a">Hammerstein Oscar</subfield>
    <subfield code="d">Codice autore SPICS: 15701</subfield>
    <subfield code="e">Autore</subfield>
    <subfield code="p">All the Things You Are</subfield>
    <subfield code="9">21606</subfield>
  </datafield>
  <datafield tag="700" ind1=" " ind2=" ">
    <subfield code="a">Malneck</subfield>
    <subfield code="d">Codice autore musica SPICS: 15748</subfield>
    <subfield code="e">Autore musica</subfield>
    <subfield code="p">Stairway To the Stars</subfield>
    <subfield code="9">21607</subfield>
  </datafield>
  <datafield tag="700" ind1=" " ind2=" ">
    <subfield code="a">Signorelli</subfield>
    <subfield code="d">Codice autore SPICS: 15747</subfield>
    <subfield code="e">Autore</subfield>
    <subfield code="p">Stairway To the Stars</subfield>
    <subfield code="9">21608</subfield>
  </datafield>
  <datafield tag="700" ind1=" " ind2=" ">
    <subfield code="a">Parish James Robert</subfield>
    <subfield code="d">Codice autore testo/musica SPICS: 8387</subfield>
    <subfield code="e">Autore testo/musica</subfield>
    <subfield code="p">Stairway To the Stars</subfield>
    <subfield code="9">21609</subfield>
  </datafield>
  <datafield tag="700" ind1=" " ind2=" ">
    <subfield code="a">Arlen Harold</subfield>
    <subfield code="d">Codice autore musica SPICS: 13025</subfield>
    <subfield code="e">Autore musica</subfield>
    <subfield code="p">I've Got the World On A String</subfield>
    <subfield code="9">21610</subfield>
  </datafield>
  <datafield tag="700" ind1=" " ind2=" ">
    <subfield code="a">Koehler</subfield>
    <subfield code="d">Codice autore SPICS: 20270</subfield>
    <subfield code="e">Autore</subfield>
    <subfield code="p">I've Got the World On A String</subfield>
    <subfield code="9">21611</subfield>
  </datafield>
  <datafield tag="700" ind1=" " ind2=" ">
    <subfield code="a">Chaloff Serge</subfield>
    <subfield code="d">Codice autore musica SPICS: 18839</subfield>
    <subfield code="e">Autore musica</subfield>
    <subfield code="p">Susie's Blues</subfield>
    <subfield code="9">21612</subfield>
  </datafield>
  <datafield tag="700" ind1=" " ind2=" ">
    <subfield code="a">Rodgers Richard</subfield>
    <subfield code="d">Codice autore musica SPICS: 11120</subfield>
    <subfield code="e">Autore musica</subfield>
    <subfield code="p">Kean and Peacy</subfield>
    <subfield code="9">21613</subfield>
  </datafield>
  <datafield tag="700" ind1=" " ind2=" ">
    <subfield code="a">Burns Ralph</subfield>
    <subfield code="d">Codice autore SPICS: 20271</subfield>
    <subfield code="e">Autore</subfield>
    <subfield code="p">Kean and Peacy</subfield>
    <subfield code="9">21614</subfield>
  </datafield>
  <datafield tag="942" ind1=" " ind2=" ">
    <subfield code="c">MC</subfield>
    <subfield code="2">ddc</subfield>
  </datafield>
  <datafield tag="952" ind1=" " ind2=" ">
    <subfield code="0">0</subfield>
    <subfield code="1">0</subfield>
    <subfield code="4">0</subfield>
    <subfield code="6">40460_000000000000000</subfield>
    <subfield code="7">1</subfield>
    <subfield code="a">SPICS</subfield>
    <subfield code="b">SPICS</subfield>
    <subfield code="d">2013-10-25</subfield>
    <subfield code="l">0</subfield>
    <subfield code="o">40460</subfield>
    <subfield code="r">2013-10-25 00:00:00</subfield>
    <subfield code="w">2013-10-25</subfield>
    <subfield code="y">MC</subfield>
    <subfield code="z">Progr. Ins.: 14257 / N.Vol.: 1 / Copie: 1 - Copia rara: n.d. / date import: 01.01.2014 - By Epidotti, Trombetti, Vaglietti</subfield>
  </datafield>
</record>
